00762nam a2200217 i 4500001000300000100001800003245012700021260004400148490002300192650002800215650004600243830001700289040000800306041000800314080001000322942000700332008004100339999001700380856009800397952004900495bg1 aPIECH, Henryk10aRealizacja metod eksperymentów statystycznych z wykorzystaniem stochastycznych urządzeń liczących /cHenryk Piech. aCzęstochowa :bWydawnictwo PC,c1987.1 aMonografie ;vnr 5 9aStatystykaxeksperyment 9aRachunek prawdopodobieństwaxstosowanie aMonografie ; cBPK0 apol a519.2 cKS s pl f |000 0 pol  c35515d35515 uhttp://koha.tu.koszalin.pl/cgi-bin/koha/opac-detail.pl?biblionumber=35515yKatalog online BPK 00104070aBPKbBPKcwoS 282p02327297yKS